banner-ar

فكر : مجلة فصلية للدراسات و الابحاث (1984 : 1990 ) 7 مج / (Record no. 27107)

MARC details
000 -الفاتح
حقل البيانات ثابتة الطول 00707nam a2200229Ia 4500
008 - عناصر البيانات ثابتة الطول - معلومات عامة
حقل البيانات ثابتة الطول 140319s9999 xx 000 0 ara d
040 ## - مصدر الفهرسة
وكالة الفهرسة الأصلية GCL /
وكالة النسخ GCL
082 04 - رقم تصنيف ديوى العشرى
رقم التصنيف د
رقم المادة 050
-- ف د
100 1# - المدخل الرئيسى - إسم شخصى
الإسم الشخصى دار الفكر العربى
245 10 - بيان العنوان
العنوان فكر : مجلة فصلية للدراسات و الابحاث (1984 : 1990 ) 7 مج /
بيان المسئوليه,etc دار الفكر العربى
300 ## - الوصف المادى
التعداد متعدد
490 ## - بيان السلسلة
عنوان السلسلة موسوعة عالم الطبخ
رقم المجلد/ التعيين التسلسلي 0
650 04 - المدخل الاضافى بالموضوع-مصطلح موضوعى
مصطلح موضوعي الاقتصاد
650 04 - المدخل الاضافى بالموضوع-مصطلح موضوعى
مصطلح موضوعي السياسة
650 04 - المدخل الاضافى بالموضوع-مصطلح موضوعى
مصطلح موضوعي الثقافة
650 04 - المدخل الاضافى بالموضوع-مصطلح موضوعى
مصطلح موضوعي التنمية
650 04 - المدخل الاضافى بالموضوع-مصطلح موضوعى
مصطلح موضوعي دوريات
650 04 - المدخل الاضافى بالموضوع-مصطلح موضوعى
مصطلح موضوعي صندوق النقد الدولى
650 04 - المدخل الاضافى بالموضوع-مصطلح موضوعى
مصطلح موضوعي الابحاث
942 ## - عناصر المدخل الإضافي( كوها)
مصدر التصنيف او مخطط الترفيف Dewey Decimal Classification
Koha [default] item type ملف كمبيوتر
Holdings
حالة التراجع حالة الفقد حالة تلف ليس للاعارة المكان المؤقت الموقع الحالى تاريخ الاكتساب اجمالي اﻻعارات رقم الطلب الباركود تاريخ اخر مشاهدة تاريخ تفعيل السعر نوع وعاء كوها
        مكتبة القاهرة الكبرى مكتبة القاهرة الكبرى 03/26/2014   د\050\ ف د 59797 03/26/2014 03/26/2014 ملف كمبيوتر
        مكتبة القاهرة الكبرى مكتبة القاهرة الكبرى 03/26/2014   د\050\ ف د 59798 03/26/2014 03/26/2014 ملف كمبيوتر
        مكتبة القاهرة الكبرى مكتبة القاهرة الكبرى 03/26/2014   د\050\ ف د 59799 03/26/2014 03/26/2014 ملف كمبيوتر
        مكتبة القاهرة الكبرى مكتبة القاهرة الكبرى 03/26/2014   د\050\ ف د 59800 03/26/2014 03/26/2014 ملف كمبيوتر
        مكتبة القاهرة الكبرى مكتبة القاهرة الكبرى 03/26/2014   د\050\ ف د 59801 03/26/2014 03/26/2014 ملف كمبيوتر

Powered By

EGPV